[Event "Staufer op-B 27th"]
[Site "Schwaebisch Gmuend"]
[Date "2015.01.04"]
[Round "5"]
[White "Peper, Johannes"]
[Black "Espenlaub, Leo"]
[Result "1-0"]
[WhiteElo "1758"]
[BlackElo "1345"]
[PlyCount "33"]
[EventDate "2015.01.02"]
[EventType "swiss"]
[EventRounds "9"]
[EventCountry "GER"]
[SourceTitle "EXT 2016"]
[Source "ChessBase"]
[SourceDate "2015.10.08"]
[SourceVersion "1"]
[SourceVersionDate "2015.10.08"]
[SourceQuality "1"]

1. d4 d5 2. c4 Nf6 3. cxd5 Nxd5 4. Nf3 Nc6 5. e4 Nf6 6. Nc3 Bg4 7. Be3 e5 8. d5 Bxf3 9. gxf3 Ne7 10. Qa4+ Qd7 11. Qb3 c6 12. Rd1 cxd5 13. Bb5 Nc6 14. exd5 Bb4 15. dxc6 Bxc3+ 16. Qxc3 Qe7 17. cxb7+ 1-0